[Event "FRA-chT2 0405"]
[Site "France"]
[Date "2004.10.10"]
[Round "1.8"]
[White "Hartmann, Dominique"]
[Black "Becht, Lucas"]
[Result "0-1"]
[WhiteElo "1936"]
[BlackElo "1970"]
[PlyCount "66"]
[EventDate "2004.10.10"]
[EventType "team-tourn"]
[EventRounds "11"]
[EventCountry "FRA"]
[SourceTitle "EXT 2006"]
[Source "ChessBase"]
[SourceDate "2005.11.24"]
[SourceVersion "1"]
[SourceVersionDate "2005.11.24"]
[SourceQuality "1"]

1. d4 c5 2. d5 e6 3. c4 exd5 4. cxd5 d6 5. Nc3 Nf6 6. e4 g6 7. f4 Bg7 8. Bb5+ Nfd7 9. a4 Qh4+ 10. g3 Qe7 11. Qc2 Na6 12. Nf3 Nb4 13. Qe2 0-0 14. 0-0 Nf6 15. Kg2 a6 16. Bd3 Re8 17. Re1 Qc7 18. Be3 Rb8 19. Bb1 Bd7 20. h3 b5 21. axb5 axb5 22. Qf2 Qc8 23. Rh1 Ra8 24. Rxa8 Qxa8 25. g4 c4 26. Nd4 Nd3 27. Bxd3 cxd3 28. e5 dxe5 29. fxe5 Nxd5 30. Nf3 Nxc3 31. bxc3 Bc6 32. Rd1 Be4 33. Kg1 Bxf3 0-1

[Event "FRA-chT2O 0203"]
[Site "France"]
[Date "2003.01.18"]
[Round "5.6"]
[White "Jablonski, Noham"]
[Black "Hartmann, Dominique"]
[Result "1/2-1/2"]
[WhiteElo "2182"]
[BlackElo "1940"]
[PlyCount "73"]
[EventDate "2002.10.??"]
[EventType "team-tourn"]
[EventRounds "11"]
[EventCountry "FRA"]
[SourceTitle "EXT 2004"]
[Source "ChessBase"]
[SourceDate "2003.11.25"]
[SourceVersion "1"]
[SourceVersionDate "2003.11.25"]
[SourceQuality "1"]
[WhiteTeam "Vincennes"]
[BlackTeam "Metz Fischer"]
[WhiteTeamCountry "FRA"]
[BlackTeamCountry "FRA"]

1. e4 c5 2. Nf3 Nc6 3. d4 cxd4 4. Nxd4 e5 5. Nb5 d6 6. N1c3 a6 7. Na3 f5 8. exf5 Bxf5 9. Bc4 Nf6 10. Bg5 Be7 11. 0-0 Nd4 12. Bxf6 Bxf6 13. Nd5 b5 14. c3 bxc4 15. cxd4 Bd3 16. Nxf6+ Qxf6 17. dxe5 dxe5 18. Qa4+ Ke7 19. Rfe1 Rac8 20. Qb4+ Kf7 21. Qb7+ Kg6 22. Re3 e4 23. Rg3+ Kh6 24. Qd7 g5 25. f4 Rc5 26. fxg5+ Rxg5 27. Rxg5 Kxg5 28. Qd5+ Kh6 29. Nxc4 Rf8 30. h3 Bxc4 31. Qxc4 Qxb2 32. Rd1 Qf2+ 33. Kh1 e3 34. Rd6+ Rf6 35. Qxa6 Rxd6 36. Qxd6+ Kg7 37. Qe7+ 1/2-1/2